000 00925nam a2200217Ia 4500
001 15377
003 GE_BSU
008 181216s||||||||xx |||||||||||||| ||und||
040 _cGE_BSU
080 _a821.353.1+821.353.1-1+821.353.1-32
100 _aქუჩიშვილი,გიორგი
245 _aთხზულებანი. 2 ტომად
245 _bპოეზია და პროზა. პოემები., საბავშვო ლექსები, ეტიუდები. ესკიზები
260 _aთბილისი
260 _bსაბჭ. საქართველო
260 _c1962
300 _a470გვ.21სმ.
653 _aლექსები
653 _aპოეზია და პროზა. პოემები., საბავშვო ლექსები, ეტიუდები. ესკიზები
942 _cBK
999 _c48482
_d48482